A checklist of the letters of Richard Aldington /

Bibliographic Details
Main Author: Gates, Norman T.
Format: Book
Language:English
Published: Carbondale : Southern Illinois University Press, [1977]
Subjects:

MARC

Tag First Indicator Second Indicator Subfields
LEADER 00000pam a2200000 i 4500
001 in00000343521
005 20151011055716.0
008 760616s1977 ilu b 00110beng
010 |a  76021638  
020 |a 0809307812 
035 |a (OCoLC)02318470 
035 |9 ABM3888AM 
040 |a DLC  |c DLC  |d TXA  |d UtOrBLW 
049 |a [HUM] TXAM  |c [1109057] 
050 0 0 |a Z8025.4  |b .G28  |a PR6001.L4 
082 0 |a 821/.9/12  |a B 
100 1 |a Gates, Norman T. 
245 1 2 |a A checklist of the letters of Richard Aldington /  |c compiled with an introd. by Norman Timmins Gates. 
264 1 |a Carbondale :  |b Southern Illinois University Press,  |c [1977] 
264 4 |c ©1977 
300 |a xiv, 171 pages ;  |c 24 cm. 
336 |a text  |b txt  |2 rdacontent 
337 |a unmediated  |b n  |2 rdamedia 
338 |a volume  |b nc  |2 rdacarrier 
500 |a Includes indexes. 
600 1 0 |a Aldington, Richard,  |d 1892-1962  |x Correspondence  |x Bibliography. 
999 |a MARS 
999 f f |s 6b2f6072-3f01-3ce9-93fc-76c4965ea417  |i 97802ae4-448a-3fc5-bc3d-5fc1065b3aac  |t 0 
952 f f |p ric  |a Texas A&M University  |b Rellis Campus  |c Joint Library Facility  |d Remote Storage  |t 0  |e Z8025.4 .G28  |h Library of Congress classification  |i unmediated -- volume  |m A14805818188 
952 f f |p noncirc  |a Texas A&M University  |b College Station  |c Cushing Memorial Library & Archives  |d Cushing: Literature/Mitchell (Does not check out)  |t 0  |e Z8025.4 .G28  |h Library of Congress classification  |i unmediated -- volume 
998 f f |a Z8025.4 .G28  |t 0  |l Cushing: Literature/Mitchell (Does not check out) 
998 f f |a Z8025.4 .G28  |t 0  |l Remote Storage